000 00217nam a2200097Ia 4500
008 190216s9999||||xx |||||||||||||| ||und||
100 _aWilliams Royan
245 0 _aEnte Per Aram
260 _bNbs Kottayam
942 _cBK
999 _c24541
_d24541